| 000 | 01155cam a22003255a 4500 | ||
|---|---|---|---|
| 999 |
_c29492 _d29492 |
||
| 001 | 16188509 | ||
| 005 | 20180706020010.0 | ||
| 008 | 100415s2011 enk b 001 0 eng | ||
| 010 | _a 2010014787 | ||
| 020 | _a9781441104496 (hardcover) | ||
| 020 | _a1441104496 (hardcover) | ||
| 020 | _a9781441177544 (pbk.) | ||
| 020 | _a144117754X (pbk.) | ||
| 035 | _a(OCoLC)ocn606766979 | ||
| 040 |
_aDLC _cDLC _dYDX _dBTCTA _dYDXCP _dCDX _dSINIE _dBWX _dDLC |
||
| 043 | _an-us--- | ||
| 050 | 0 | 0 | _aLB 2371.4 .P44 2010 |
| 100 | 1 | _aPeelo, Moira T. | |
| 245 | 1 | 0 |
_aUnderstanding supervision and the PhD / _cMoira Peelo. |
| 260 |
_aLondon ; _aNew York : _bContinuum, _cc2011. |
||
| 300 |
_avii, 182 p. ; _c25 cm. |
||
| 490 | 1 | _aEssential guides for lecturers | |
| 504 | _aIncludes bibliographical references and index. | ||
| 650 | 0 |
_aGraduate students _xSupervision of _zGreat Britain. |
|
| 650 | 0 |
_aDoctoral students _zGreat Britain. |
|
| 942 |
_2lcc _cBOOKS _hLB 2371.4 .P44 2010 _01 |
||